000 00674nam a2200289Ia 4500
005 20260324112153.0
008 008 260324s9999 xx 000 0 eng d
020 _a9781003257943
037 _aEBOOK
040 _aCRL
040 _beng
040 _cCRL
041 _2eng
041 _aeng
084 _qCRL
100 _aDaniel Lynch; Stanley Rosen
_91141581
245 0 _aChinese Politics
245 4 _bThe Xi Jinping Difference
260 _bTaylor and Francis
260 _c2024
365 _a
365 _b220
856 _uhttp://www.taylorfrancis.com/books/9781003257943
942 _cEBOOK
999 _c1730693
_d1730693